[Event "European Blitz 2015"]
[Site "Minsk BLR"]
[Date "2015.12.18"]
[Round "21.49"]
[White "Kislov, Oleg"]
[Black "Malakhov, Igor"]
[Result "1-0"]
[WhiteTitle "FM"]
[BlackTitle "IM"]
[WhiteElo "2241"]
[BlackElo "2451"]
[WhiteFideId "13503774"]
[BlackFideId "4183088"]
[EventDate "2015.12.18"]
[EventType "swiss (blitz)"]

1. d4 Nf6 2. Nc3 d5 3. Bg5 Nbd7 4. Nf3 h6 5. Bf4 c6 6. Qd3 e6 7. e4 dxe4 8. Nxe4
Nxe4 9. Qxe4 c5 10. d5 Nf6 11. Bb5+ Bd7 12. Bxd7+ Qxd7 13. dxe6 fxe6 14. Qe2
O-O-O 15. O-O Nd5 16. Bg3 Bd6 17. Ne5 Qc7 18. Rfe1 Rhe8 19. Rad1 g5 20. Qh5 Bxe5
21. Bxe5 Qh7 22. Qe2 b6 23. Qc4 Nf4 24. Rxd8+ Rxd8 25. Bxf4 gxf4 26. Qxe6+ Qd7
27. Qe4 Qb7 28. Qxf4 Qd5 29. b3 Qd2 30. Qxd2 Rxd2 31. Rc1 b5 32. h4 Kd7 33. g4
Ke6 34. Kg2 Kf6 35. Kf3 c4 36. Ke3 c3 37. f4 Rh2 38. h5 Rg2 39. Kf3 Rd2 40. a3
a5 41. b4 a4 42. Ke3 Rg2 43. Kf3 Rd2 44. Ke4 Rg2 45. Kd4 Rxg4 46. Kc5 Rh4 47.
Kxb5 Rxh5+ 48. Kxa4 Rd5 49. Kb3 h5 50. Kxc3 Kf5 51. Rf1 h4 52. Kc4 Rd2 53. c3 h3
54. b5 h2 55. a4 Rf2 56. Rh1 Rxf4+ 57. Kc5 Rh4 58. b6 Ke6 59. b7 Rh8 60. Rxh2
Rxh2 61. b8=Q Rh5+ 62. Kc6 Rh1 63. Qe8+ Kf6 64. Qe4 Rh6 65. Qf4+ Kg7+ 66. Qxh6+ 1-0

[Event "European Blitz 2015"]
[Site "Minsk BLR"]
[Date "2015.12.18"]
[Round "22.5"]
[White "Bocharov, Dmitry"]
[Black "Jobava, Baadur"]
[Result "1-0"]
[WhiteTitle "GM"]
[BlackTitle "GM"]
[WhiteElo "2558"]
[BlackElo "2673"]
[WhiteFideId "4138716"]
[BlackFideId "13601520"]
[EventDate "2015.12.18"]
[EventType "swiss (blitz)"]

1. d4 d5 2. c4 c6 3. Nf3 Nf6 4. e3 g6 5. Nc3 Bg7 6. Be2 O-O 7. O-O b6 8. b3 Bb7
9. Ba3 dxc4 10. bxc4 c5 11. d5 e6 12. dxe6 fxe6 13. Qc2 Nc6 14. Rad1 Qe7 15. Bb2
Rad8 16. h3 Na5 17. Ne5 Ne8 18. Rxd8 Qxd8 19. f4 Nd6 20. Nb5 Nf5 21. Ng4 Bxb2
22. Qxb2 h5 23. Rd1 Qh4 24. Ne5 Qg3 25. Bf3 Nxc4 26. Nxc4 Bxf3 27. Rd7 Bc6 28.
Rxa7 Bxb5 29. Qxb5 Qe1+ 30. Kh2 Qg3+ 31. Kh1 Qe1+ 32. Kh2 Ng3 33. Qd7 Nf1+ 34.
Kg1 Nxe3+ 35. Kh2 Nf1+ 36. Kg1 Nd2+ 37. Kh2 Nf3+ 38. gxf3 Qf2+ 39. Kh1 Qxf3+ 40.
Kg1 Qg3+ 41. Kh1 Qxh3+ 42. Kg1 Qg3+ 43. Kh1 Qf3+ 44. Kg1 Qg4+ 45. Kh1 Qh3+ 46.
Kg1 Qg3+ 47. Kh1 Qe1+ 48. Kg2 Qe4+ 49. Kg1 Qb1+ 50. Kh2 Qc2+ 51. Nd2 1-0

[Event "European Blitz 2015"]
[Site "Minsk BLR"]
[Date "2015.12.18"]
[Round "22.6"]
[White "Alekseev, Evgeny"]
[Black "Demidov, Mikhail"]
[Result "1/2-1/2"]
[WhiteTitle "GM"]
[BlackTitle "IM"]
[WhiteElo "2642"]
[BlackElo "2485"]
[WhiteFideId "4138147"]
[BlackFideId "4197143"]
[EventDate "2015.12.18"]
[EventType "swiss (blitz)"]

1. e4 e6 2. d4 d5 3. Nc3 Be7 4. Bd3 c5 5. exd5 exd5 6. dxc5 Nf6 7. Nge2 O-O 8.
O-O Nbd7 9. Ng3 Nxc5 10. Bf5 Re8 11. Be3 Ne6 12. Nce2 g6 13. Bh3 Ne4 14. Bxe6
Bxe6 15. Nf4 Bf6 16. Bd4 Rc8 17. c3 b6 18. Re1 Bxd4 19. Qxd4 Rc4 20. Qe3 Nxg3
21. Qxg3 Qd6 22. Ne2 Qxg3 23. hxg3 Re4 24. f3 Re3 25. Nd4 Bd7 26. Kf2 Rxe1 27.
Rxe1 Rxe1 28. Kxe1 Kf8 29. g4 g5 30. Kf2 Ke7 31. Ke3 Kd6 32. Ne2 Ke5 33. Nd4 f6
34. g3 Kd6 35. Nc2 Ke5 36. Ne1 Bb5 37. Nc2 Bd7 38. Nb4 Bb5 39. b3 Bd7 40. Nd3+
Kd6 41. Kd4 f5 42. gxf5 Bxf5 43. Nb4 Be6 44. g4 Bf7 45. Nc2 h5 46. gxh5 Bxh5 47.
Ke3 Ke5 48. Nb4 Be8 49. Nd3+ Kf5 50. Nf2 Bh5 51. Nd3 Be8 52. Nb4 Ke5 53. Nc2 Bg6
54. Nd4 Be8 55. Ne2 Bb5 56. f4+ gxf4+ 57. Nxf4 Ba6 58. Ng6+ Kf6 59. Nh4 Ke5 60.
Nf3+ Kd6 61. Kd4 Bc8 62. Ne5 Be6 63. a3 Bg8 64. Nd3 Bf7 65. a4 Bg6 66. Nb2 Bc2
67. b4 a5 68. bxa5 bxa5 69. c4 dxc4 70. Nxc4+ Kc7 1/2-1/2

[Event "European Blitz 2015"]
[Site "Minsk BLR"]
[Date "2015.12.18"]
[Round "22.7"]
[White "Ragger, Markus"]
[Black "Zubov, Alexander"]
[Result "1/2-1/2"]
[WhiteTitle "GM"]
[BlackTitle "GM"]
[WhiteElo "2687"]
[BlackElo "2601"]
[WhiteFideId "1610856"]
[BlackFideId "14109409"]
[EventDate "2015.12.18"]
[EventType "swiss (blitz)"]

1. d4 Nf6 2. c4 e6 3. Nf3 d5 4. g3 Bb4+ 5. Bd2 Be7 6. Bg2 Nbd7 7. Qc2 c6 8. O-O
O-O 9. Rd1 b6 10. b3 a5 11. Bc3 Ne4 12. Ne5 Nxe5 13. Bxe4 Ng6 14. Bg2 f5 15. e3
Bd6 16. Nd2 Bb7 17. a3 Qe7 18. Qb2 Ba6 19. b4 axb4 20. axb4 b5 21. cxd5 exd5 22.
Ra3 Bb7 23. Rda1 Rxa3 24. Rxa3 Ra8 25. Rxa8+ Bxa8 26. Bh3 Qd7 27. Nb3 Ne7 28.
Nc5 Qa7 29. Qc2 g6 30. g4 fxg4 31. Bxg4 Bb7 32. e4 Qb8 33. e5 Bxc5 34. dxc5 Bc8
35. e6 Qf4 36. Qe2 Qe4 37. Qxe4 dxe4 38. Bf6 Nf5 39. Bxf5 gxf5 40. e7 Kf7 41.
Bh4 f4 42. Kf1 Bg4 43. Ke1 e3 44. fxe3 fxe3 1/2-1/2

[Event "European Blitz 2015"]
[Site "Minsk BLR"]
[Date "2015.12.18"]
[Round "22.9"]
[White "Kovalenko, Igor"]
[Black "Kulaots, Kaido"]
[Result "1/2-1/2"]
[WhiteTitle "GM"]
[BlackTitle "GM"]
[WhiteElo "2680"]
[BlackElo "2574"]
[WhiteFideId "14117908"]
[BlackFideId "4500261"]
[EventDate "2015.12.18"]
[EventType "swiss (blitz)"]

1. d4 g6 2. e4 Bg7 3. h4 c5 4. dxc5 Qa5+ 5. Bd2 Qxc5 6. Nc3 Nf6 7. h5 O-O 8.
hxg6 hxg6 9. Nf3 Nc6 10. Bd3 d6 11. Qe2 Bg4 12. Bh6 Bxh6 13. Rxh6 Kg7 14. Qd2
Bxf3 15. gxf3 Nd4 16. Be2 Rh8 17. Rxh8 Rxh8 18. O-O-O Nxe2+ 19. Qxe2 Rh2 20. Rd2
Qg5 21. b3 b6 22. Qe3 Qxe3 23. fxe3 Rh1+ 24. Kb2 g5 25. Rg2 Kh6 26. Nb5 a5 27.
Nd4 e6 28. Nb5 d5 29. exd5 Nxd5 30. e4 Nf4 31. Rf2 Rd1 32. Na3 Rd6 33. Nc4 Rc6
34. a4 Kg7 35. Rd2 Kf6 36. c3 Ng6 37. Rh2 Nh4 38. Rh3 e5 39. Ne3 Ke6 40. b4 Rd6
41. Kc2 axb4 42. cxb4 Rd4 43. Kc3 Rd8 44. Nc4 Rc8 45. Kb3 Rb8 46. Rg3 Kf6 47. b5
Rb7 48. Kb4 Rb8 49. a5 bxa5+ 50. Nxa5 Ra8 51. b6 Ke6 52. b7 Rb8 53. Kc5 Kd7 54.
Kb6 1/2-1/2

[Event "European Blitz 2015"]
[Site "Minsk BLR"]
[Date "2015.12.18"]
[Round "22.11"]
[White "Ponkratov, Pavel"]
[Black "Kovalev, Vladislav"]
[Result "1-0"]
[WhiteTitle "GM"]
[BlackTitle "GM"]
[WhiteElo "2604"]
[BlackElo "2546"]
[WhiteFideId "4157800"]
[BlackFideId "13504398"]
[EventDate "2015.12.18"]
[EventType "swiss (blitz)"]

1. d4 Nf6 2. c4 g6 3. Nc3 Bg7 4. e4 d6 5. Nf3 O-O 6. h3 e5 7. d5 Nh5 8. Bg5 f6
9. Be3 Na6 10. Nd2 Qe8 11. Nb3 f5 12. c5 Nf6 13. Bb5 Qf7 14. f3 b6 15. cxd6 cxd6
16. Qe2 Nc5 17. Nd2 Nh5 18. Rg1 Nf4 19. Qf1 a6 20. Bxc5 bxc5 21. Bc6 Rb8 22. Nc4
Qe7 23. O-O-O Rb4 24. b3 Bd7 25. Kc2 Rfb8 26. g3 Nh5 27. g4 fxg4 28. hxg4 Nf4
29. Rh1 Be8 30. Rd2 Bf7 31. Rdh2 h6 32. Qc1 Qc7 33. Qa3 Qe7 34. Qxa6 Bf8 35. Nb5
Qf6 36. a3 R4xb5 37. Bxb5 Nxd5 38. exd5 Qxf3 39. Nd2 Qe3 40. Bd3 e4 41. Bxe4 Bg7
42. Qd3 Qf4 43. Nc4 Qf6 44. Rf1 Qg5 45. Rhf2 Be8 46. a4 Rd8 47. Qe3 Qe7 48. Bd3
Qb7 49. Qe6+ Kh7 50. Rf7 Bxf7 51. Rxf7 Qb4 52. Qxg6+ 1-0

[Event "European Blitz 2015"]
[Site "Minsk BLR"]
[Date "2015.12.18"]
[Round "22.12"]
[White "Guseinov, Gadir"]
[Black "Aleksandrov, Aleksej"]
[Result "1/2-1/2"]
[WhiteTitle "GM"]
[BlackTitle "GM"]
[WhiteElo "2646"]
[BlackElo "2615"]
[WhiteFideId "13401378"]
[BlackFideId "13500139"]
[EventDate "2015.12.18"]
[EventType "swiss (blitz)"]

1. e4 e5 2. Nf3 Nc6 3. Bb5 Nf6 4. O-O Nxe4 5. d4 Nd6 6. Ba4 e4 7. Ne5 Be7 8. Nc3
O-O 9. Re1 Bf6 10. Bf4 Re8 11. Nxe4 Nxe4 12. Rxe4 Bxe5 13. dxe5 d6 14. Re3 dxe5
15. Bxc6 bxc6 16. Rxe5 Be6 17. Qf3 Bd5 18. Qg3 Qf6 19. Rae1 Rxe5 20. Bxe5 Re8
21. Qc3 Qg6 22. Bg3 Rxe1+ 23. Qxe1 h5 24. h4 Qxc2 25. Qe8+ Kh7 26. Qe5 Qd1+ 27.
Kh2 Bxa2 28. Qxc7 Bd5 29. Qxa7 Qf1 30. f3 Qe2 31. Qf2 Qxf2 1/2-1/2

[Event "European Blitz 2015"]
[Site "Minsk BLR"]
[Date "2015.12.18"]
[Round "22.13"]
[White "Zakhartsov, Vladimir"]
[Black "Popov, Ivan RUS"]
[Result "1-0"]
[WhiteTitle "IM"]
[BlackTitle "GM"]
[WhiteElo "2462"]
[BlackElo "2650"]
[WhiteFideId "4145097"]
[BlackFideId "4170350"]
[EventDate "2015.12.18"]
[EventType "swiss (blitz)"]

1. e4 c6 2. d4 d5 3. Nc3 dxe4 4. Nxe4 Bf5 5. Ng3 Bg6 6. h4 h6 7. Nf3 e6 8. h5
Bh7 9. Bd3 Bxd3 10. Qxd3 Nf6 11. Bf4 Be7 12. Ne4 Nxe4 13. Qxe4 O-O 14. Qe2 Qd5
15. c4 Bb4+ 16. Kf1 Qf5 17. g3 Nd7 18. Kg2 Rad8 19. Rh4 Be7 20. Rhh1 Rfe8 21.
Rad1 Bf6 22. Bc7 Rc8 23. Be5 c5 24. b3 cxd4 25. Bxd4 e5 26. Bxa7 b6 27. Rd6 e4
28. Nh4 Bxh4 29. Rxh4 e3 30. Rf4 Qc5 31. Rxd7 Qc6+ 32. Rd5 Rc7 33. Bxb6 Qxb6 34.
fxe3 Rxe3 35. Rd8+ Kh7 36. Qc2+ g6 37. Qb2 f6 38. Qxf6 Re2+ 39. Kh3 Qxf6 40.
Rxf6 gxh5 41. Rfd6 Rxa2 42. R8d7+ Rxd7 43. Rxd7+ Kg6 44. Rd5 Rb2 45. Rb5 Kf6 46.
b4 Kg6 47. c5 Rc2 48. Rb6+ Kg5 49. c6 Kf6 50. b5 Kg5 51. Rb8 Rc3 52. Rg8+ Kf6
53. b6 1-0

[Event "European Blitz 2015"]
[Site "Minsk BLR"]
[Date "2015.12.18"]
[Round "22.16"]
[White "Bortnyk, Olexandr"]
[Black "Kryakvin, Dmitry"]
[Result "1-0"]
[WhiteTitle "GM"]
[BlackTitle "GM"]
[WhiteElo "2552"]
[BlackElo "2529"]
[WhiteFideId "14120828"]
[BlackFideId "4153278"]
[EventDate "2015.12.18"]
[EventType "swiss (blitz)"]

1. d4 Nf6 2. Nf3 e6 3. Bf4 b6 4. e3 Bb7 5. h3 c5 6. c3 Be7 7. Nbd2 O-O 8. Be2
cxd4 9. exd4 d6 10. O-O Nbd7 11. a4 a6 12. Bh2 Qc7 13. Re1 Rfe8 14. Bd3 Nf8 15.
a5 b5 16. c4 bxc4 17. Nxc4 Nd5 18. Rc1 Qd7 19. Bc2 Rac8 20. Ba4 Bc6 21. Bxc6
Rxc6 22. b3 Qb7 23. Qd3 Rb8 24. Nfd2 h6 25. Qf3 Ng6 26. Bg3 Rd8 27. Ne4 Nf6 28.
Ncxd6 Bxd6 29. Nxf6+ gxf6 30. Qxc6 Qe7 31. Qxa6 Bxg3 32. fxg3 Rxd4 33. Qa8+ Kg7
34. a6 Ne5 35. a7 Rd7 36. Ra1 Qc5+ 37. Kh2 Nd3 38. Red1 Qf2 39. Qf3 1-0

[Event "European Blitz 2015"]
[Site "Minsk BLR"]
[Date "2015.12.18"]
[Round "22.17"]
[White "Chigaev, Maksim"]
[Black "Putka, Verners"]
[Result "1-0"]
[WhiteTitle "IM"]
[WhiteElo "2526"]
[BlackElo "2307"]
[WhiteFideId "4108116"]
[BlackFideId "11600659"]
[EventDate "2015.12.18"]
[EventType "swiss (blitz)"]

1. e4 e5 2. Nf3 Nf6 3. Nc3 Bb4 4. Nxe5 O-O 5. Nd3 Bxc3 6. dxc3 Nxe4 7. Be2 d5 8.
O-O Bf5 9. Re1 c6 10. Be3 Nd7 11. f3 Nd6 12. Bf2 Re8 13. Bf1 Qf6 14. a4 a5 15.
Bd4 Qh6 16. Rxe8+ Rxe8 17. Qc1 Qg6 18. Qd2 Nc4 19. Qf2 h6 20. b3 Nce5 21. Nxe5
Nxe5 22. Rc1 Nd7 23. c4 Qd6 24. cxd5 Qxd5 25. Bc3 Bg6 26. Qd4 Qxd4+ 27. Bxd4 b6
28. Kf2 Re6 29. Bc4 Rd6 30. Be3 c5 31. Bf4 Rd4 32. Be3 Rd6 33. Be2 Bf5 34. Bf4
Rd4 35. Be3 Rd6 36. Bb5 g5 37. h3 Kg7 38. g4 Be6 39. f4 f6 40. Re1 Bf7 41. Bc1
c4 42. bxc4 Nc5 43. fxg5 hxg5 44. Re7 Kf8 45. Rc7 Rd4 46. Be3 Re4 47. Rc6 Bxc4
48. Rxb6 Bxb5 1-0

[Event "European Blitz 2015"]
[Site "Minsk BLR"]
[Date "2015.12.18"]
[Round "22.18"]
[White "Mikhalevski, Victor"]
[Black "Inarkiev, Ernesto"]
[Result "0-1"]
[WhiteTitle "GM"]
[BlackTitle "GM"]
[WhiteElo "2535"]
[BlackElo "2668"]
[WhiteFideId "2801914"]
[BlackFideId "4162722"]
[EventDate "2015.12.18"]
[EventType "swiss (blitz)"]

1. c4 c6 2. Nf3 d5 3. e3 Nf6 4. Nc3 e6 5. b3 Bd6 6. Bb2 O-O 7. Be2 e5 8. cxd5
cxd5 9. Nb5 Nc6 10. Nxd6 Qxd6 11. h3 d4 12. Bb5 Nb4 13. a3 Bd7 14. Bc4 Nc6 15.
O-O a6 16. exd4 exd4 17. Re1 Bf5 18. Nh4 Be4 19. d3 Bd5 20. Nf5 Qf4 21. Bxd5
Nxd5 22. Qg4 Qxg4 23. hxg4 Rad8 24. Nxd4 Nf4 25. Nxc6 bxc6 26. Re3 Nxd3 27. Bc3
Rd5 28. g3 Rfd8 29. Kg2 f6 30. Ra2 Kf7 31. Rae2 R8d7 32. Rc2 Rc5 33. Ree2 Rb7
34. b4 Rc4 35. Bxf6 Rxc2 36. Rxc2 Ne1+ 0-1

[Event "European Blitz 2015"]
[Site "Minsk BLR"]
[Date "2015.12.18"]
[Round "22.19"]
[White "Kalinin, Michail Borisovich"]
[Black "Movsesian, Sergei"]
[Result "0-1"]
[BlackTitle "GM"]
[WhiteElo "2380"]
[BlackElo "2659"]
[WhiteFideId "4144104"]
[BlackFideId "310204"]
[EventDate "2015.12.18"]
[EventType "swiss (blitz)"]

1. d4 Nf6 2. Nf3 d6 3. b3 Bg4 4. e3 Nbd7 5. Bb2 c5 6. Be2 e6 7. c4 Be7 8. Nbd2
O-O 9. O-O Qc7 10. Bd3 Rad8 11. Qc2 Rfe8 12. a3 Bh5 13. Rfd1 a6 14. h3 Nb8 15.
dxc5 dxc5 16. Ne4 Nfd7 17. Neg5 h6 18. Ne4 Nc6 19. Ng3 Bxf3 20. gxf3 Bf6 21. Bf1
Bxb2 22. Qxb2 Nf6 23. Bg2 Rxd1+ 24. Rxd1 e5 25. Qc2 Rd8 26. Rxd8+ Qxd8 27. Qf5
g6 28. Qc2 Kg7 29. Ne2 Ne7 30. f4 exf4 31. Nxf4 b6 32. Qc3 Qd1+ 33. Kh2 Qd6 34.
Kg1 Kf8 35. b4 g5 36. Nd3 Ng6 37. bxc5 bxc5 38. Nxc5 Qd1+ 39. Bf1 Ke7 40. Qd3
Qc1 41. Nb7 Kf8 42. Nd6 Nh4 43. Nf5 Nf3+ 44. Kh1 Kg8 45. Nxh6+ Kg7 46. Nf5+ Kg8
47. Nh6+ Kf8 48. Ng4 Ne4 49. Qe2 Ned2 0-1

[Event "European Blitz 2015"]
[Site "Minsk BLR"]
[Date "2015.12.18"]
[Round "22.20"]
[White "Veremeichik, Vladimir"]
[Black "Popov, Valerij"]
[Result "1/2-1/2"]
[BlackTitle "GM"]
[WhiteElo "2298"]
[BlackElo "2528"]
[WhiteFideId "13500384"]
[BlackFideId "4119410"]
[EventDate "2015.12.18"]
[EventType "swiss (blitz)"]

1. d4 d5 2. c4 e6 3. Nc3 c6 4. cxd5 exd5 5. Bf4 Bd6 6. Bxd6 Qxd6 7. e3 Bf5 8.
Bd3 Bg6 9. Nf3 Nd7 10. O-O Ngf6 11. a3 O-O 12. Bxg6 hxg6 13. b4 b5 14. Qc2 Rfe8
15. Rfc1 a6 16. Ne2 Rac8 17. Nf4 Nb6 18. Nd3 Nc4 19. a4 Nd7 20. axb5 axb5 21.
Ra6 f6 22. Rca1 g5 23. h3 Qe7 24. Nc5 Nf8 25. Ra7 Rc7 26. Rxc7 Qxc7 27. Ne1 Qc8
28. Qd1 Ne6 29. Qg4 Nd2 30. Ned3 Nxc5 31. Qxc8 Rxc8 32. Nxc5 Nc4 33. Ra7 Nd6 34.
g4 Ne8 35. Kg2 Kh7 36. Kf3 Kg6 37. Kg3 Kh7 38. Kf3 Kg8 39. Kg3 Rc7 40. Rxc7 Nxc7
41. f4 gxf4+ 42. exf4 Kf7 43. f5 g5 44. fxg6+ Kxg6 45. Kf4 1/2-1/2

[Event "European Blitz 2015"]
[Site "Minsk BLR"]
[Date "2015.12.18"]
[Round "22.21"]
[White "Landa, Konstantin"]
[Black "Kuzin, Anton"]
[Result "0-1"]
[WhiteTitle "GM"]
[BlackTitle "IM"]
[WhiteElo "2625"]
[BlackElo "2409"]
[WhiteFideId "4101685"]
[BlackFideId "4148410"]
[EventDate "2015.12.18"]
[EventType "swiss (blitz)"]

1. d4 f5 2. g3 Nf6 3. Bg2 e6 4. Nh3 Be7 5. O-O O-O 6. c4 d5 7. Nd2 c6 8. Nf4 Bd7
9. Nf3 Ne4 10. Qc2 g5 11. Nd3 Be8 12. Nfe5 Nd7 13. f3 Nxe5 14. Nxe5 Nd6 15. b3
Nf7 16. Nd3 Bf6 17. Bb2 Qd6 18. a4 Qd8 19. Rad1 Qb6 20. e3 Rd8 21. Kh1 Qc7 22.
Bc3 Nd6 23. Bb4 Be7 24. Qc3 Bg6 25. Ne5 Nf7 26. Bxe7 Qxe7 27. Nd3 f4 28. exf4
Bxd3 29. Rxd3 gxf4 30. gxf4 Qf6 31. Bh3 Kh8 32. Re3 Qxf4 33. Rxe6 Ng5 34. Rh6
Ne4 35. Qc1 Nf2+ 36. Kg2 Rg8+ 37. Kxf2 Qxh2+ 38. Ke3 Rde8+ 39. Kd3 Qe2+ 40. Kc3
a5 41. Be6 Rxe6 42. Rxe6 Qxe6 43. Qf4 Qe7 44. Qe5+ Rg7 45. f4 Qb4+ 46. Kc2 dxc4
47. Qe8+ Rg8 48. Qe5+ Rg7 49. Rf3 cxb3+ 50. Rxb3 Qc4+ 51. Kb2 Qd5 52. Re3 Qxe5
53. dxe5 Rf7 54. Rf3 Kg7 55. Kc3 Kg6 56. e6 Re7 57. Kd4 Kf5 58. Rh3 Kxe6 59. Ke4
Kd6+ 60. Kf5 b5 61. Rd3+ Kc5 62. Kf6 Re4 63. f5 Rxa4 64. Ke5 Ra2 65. Rd4 Re2+
66. Re4 Rxe4+ 67. Kxe4 Kd6 68. Kf4 Ke7 0-1

[Event "European Blitz 2015"]
[Site "Minsk BLR"]
[Date "2015.12.18"]
[Round "22.22"]
[White "Kochetkov, German"]
[Black "Romanov, Evgeny"]
[Result "0-1"]
[WhiteTitle "IM"]
[BlackTitle "GM"]
[WhiteElo "2338"]
[BlackElo "2590"]
[WhiteFideId "13500635"]
[BlackFideId "4148843"]
[EventDate "2015.12.18"]
[EventType "swiss (blitz)"]

1. f4 g6 2. Nf3 Bg7 3. g3 d6 4. Bg2 e5 5. d3 exf4 6. gxf4 d5 7. Nc3 d4 8. Ne4
Ne7 9. O-O O-O 10. c3 Nbc6 11. cxd4 Nxd4 12. Nxd4 Qxd4+ 13. e3 Qb6 14. d4 Re8
15. Qa4 Be6 16. Nc5 Bd5 17. e4 Bc6 18. Qd1 Rad8 19. Be3 Nf5 20. exf5 Rxe3 21.
fxg6 hxg6 22. Bxc6 Bxd4 0-1

[Event "European Blitz 2015"]
[Site "Minsk BLR"]
[Date "2015.12.18"]
[Round "22.23"]
[White "Zubritskiy, Artyom"]
[Black "Gritsenko, Nikolai"]
[Result "1/2-1/2"]
[WhiteTitle "FM"]
[BlackTitle "FM"]
[WhiteElo "2422"]
[BlackElo "2309"]
[WhiteFideId "4181247"]
[BlackFideId "14112493"]
[EventDate "2015.12.18"]
[EventType "swiss (blitz)"]

1. d4 d5 2. Nf3 e6 3. c4 Nf6 4. g3 Bb4+ 5. Bd2 Be7 6. Bg2 O-O 7. O-O c6 8. Qc2
b6 9. Rd1 Ba6 10. b3 Nbd7 11. a4 Rc8 12. a5 b5 13. c5 Ne4 14. Be1 e5 15. Nxe5
Nexc5 16. Nxd7 Nxd7 17. b4 Rc7 18. Bc3 Bc8 19. Nd2 Nf6 20. Nb3 Re8 21. Re1 Bf8
22. Nc5 g6 23. Rad1 Bf5 24. Qb2 Ne4 25. Nxe4 dxe4 26. e3 h5 27. Rd2 h4 28. Bf1
hxg3 29. fxg3 Qg5 30. d5 cxd5 31. Bf6 Qh6 32. Rxd5 Rec8 33. Rd2 a6 34. Be5 Rc6
35. Bf4 Qg7 36. Be5 Qh6 37. Bg2 Rc4 38. Bd6 Bxd6 39. Rxd6 Qf8 40. Rxa6 Qxb4 41.
Qxb4 Rxb4 42. Rb6 Ra8 43. a6 Ra4 44. Rxb5 R8xa6 45. Rb2 1/2-1/2

[Event "European Blitz 2015"]
[Site "Minsk BLR"]
[Date "2015.12.18"]
[Round "22.24"]
[White "Sysolyatin, Evgeny"]
[Black "Johannessen, Leif Erlend"]
[Result "0-1"]
[WhiteTitle "FM"]
[BlackTitle "GM"]
[WhiteElo "2289"]
[BlackElo "2487"]
[WhiteFideId "4154916"]
[BlackFideId "1501674"]
[EventDate "2015.12.18"]
[EventType "swiss (blitz)"]

1. e4 e6 2. d4 d5 3. Nc3 Nf6 4. exd5 exd5 5. Bd3 c6 6. Bf4 Bd6 7. Qd2 O-O 8.
Nge2 Re8 9. O-O-O Na6 10. Bxd6 Qxd6 11. Bxa6 bxa6 12. f3 Rb8 13. Na4 Nd7 14. Ng3
Nb6 15. Nxb6 Rxb6 16. Rhe1 Be6 17. f4 Reb8 18. b3 Bg4 19. Ne2 Qa3+ 20. Kb1 a5
21. h3 Bf5 22. Ka1 a4 23. Nc1 axb3 24. cxb3 a5 25. Qb2 Qd6 26. Re5 Be4 27. f5 a4
28. Qc3 axb3 29. Nxb3 Qa3 30. Rxe4 dxe4 31. Rb1 Ra8 32. Rb2 Re8 33. Qe3 Qd6 34.
g4 Rb4 35. Rd2 Ra8 36. Kb2 Qd5 37. Re2 Rab8 38. Qxe4 Qxe4 39. Rxe4 Kf8 40. Re5
Re8 41. Rc5 Re2+ 42. Kc3 Rb6 43. Nd2 Re3+ 44. Kc4 Ra6 45. Nb3 Ra4# 0-1

[Event "European Blitz 2015"]
[Site "Minsk BLR"]
[Date "2015.12.18"]
[Round "22.25"]
[White "Skliarov, Viktor"]
[Black "Pankov, German"]
[Result "1-0"]
[WhiteTitle "FM"]
[BlackTitle "IM"]
[WhiteElo "2420"]
[BlackElo "2404"]
[WhiteFideId "14106736"]
[BlackFideId "4174569"]
[EventDate "2015.12.18"]
[EventType "swiss (blitz)"]

1. e4 c5 2. Nf3 e6 3. d4 cxd4 4. Nxd4 Qb6 5. Nc3 Bc5 6. Na4 Qa5+ 7. c3 Bxd4 8.
Qxd4 Nf6 9. f3 Nc6 10. Qd1 d5 11. Bg5 dxe4 12. Bxf6 gxf6 13. fxe4 Qe5 14. Qe2
Rb8 15. Qe3 f5 16. O-O-O b5 17. Qc5 Qf4+ 18. Kb1 Qxe4+ 19. Bd3 Qd5 20. Qxd5 exd5
21. Nc5 Be6 22. Rhe1 Ke7 23. Bxf5 Nd8 24. Rxd5 Rb6 25. Rd7+ Ke8 26. Bxe6 Nxe6
27. Rxa7 1-0

[Event "European Blitz 2015"]
[Site "Minsk BLR"]
[Date "2015.12.18"]
[Round "22.26"]
[White "Ladva, Ottomar"]
[Black "Kazakovskiy, Valeriy"]
[Result "1-0"]
[WhiteTitle "IM"]
[BlackTitle "IM"]
[WhiteElo "2401"]
[BlackElo "2342"]
[WhiteFideId "4500024"]
[BlackFideId "13507443"]
[EventDate "2015.12.18"]
[EventType "swiss (blitz)"]

1. d4 Nf6 2. c4 e6 3. Nf3 Bb4+ 4. Nbd2 b6 5. g3 Bb7 6. Bg2 O-O 7. O-O Bxd2 8.
Bxd2 Be4 9. Rc1 h6 10. b4 d6 11. b5 Nbd7 12. Qb3 a6 13. a4 Qe7 14. Bb4 axb5 15.
axb5 Ra7 16. Ne5 Bxg2 17. Kxg2 Nxe5 18. dxe5 Nd7 19. exd6 cxd6 20. Rfd1 Nc5 21.
Bxc5 dxc5 22. Qf3 Rc8 23. Rd2 e5 24. Rcd1 e4 25. Qf5 Re8 26. Rd6 Ra2 27. e3 Rc2
28. Rxb6 Rxc4 29. Rd7 Qf8 30. Rbb7 f6 31. Qg6 1-0

[Event "European Blitz 2015"]
[Site "Minsk BLR"]
[Date "2015.12.18"]
[Round "22.27"]
[White "Makovskis, Georgijs"]
[Black "Tukhaev, Adam"]
[Result "0-1"]
[BlackTitle "GM"]
[WhiteElo "2236"]
[BlackElo "2564"]
[WhiteFideId "11601132"]
[BlackFideId "14109476"]
[EventDate "2015.12.18"]
[EventType "swiss (blitz)"]

1. e4 Nf6 2. Nc3 d6 3. Nf3 c5 4. d4 cxd4 5. Nxd4 e6 6. g3 Nc6 7. Bg2 Be7 8. O-O
Bd7 9. Be3 O-O 10. Kh1 a6 11. f4 Rc8 12. g4 Nxd4 13. Bxd4 e5 14. fxe5 dxe5 15.
Bxe5 Nxg4 16. Bf4 Bc5 17. Qe1 Be6 18. Qg3 Qb6 19. Na4 Nf2+ 20. Rxf2 Bxf2 21.
Nxb6 Bxg3 22. Nxc8 Bxf4 23. Ne7+ Kh8 24. Nd5 Be5 25. c3 h5 26. Bf3 h4 27. Rd1 g6
28. Kg2 h3+ 29. Kg1 Kg7 30. Rd2 g5 31. Ne3 Bf4 32. Rd3 Kg6 33. Nd5 Be5 34. a3 g4
35. Be2 Kg5 36. Rd1 f5 37. exf5 Rxf5 38. Ne3 Rf8 39. Bc4 Bc8 40. Be2 Re8 41. Rd3
Bf4 42. Rd5+ Kh4 43. Nf5+ Bxf5 44. Rxf5 Bxh2+ 45. Kf1 Bd6 46. Rf6 Rf8 47. Rxf8
Bxf8 48. Bd3 Bc5 49. Be4 b6 50. b4 Be3 51. c4 Bc1 52. a4 a5 53. bxa5 bxa5 54. c5
Be3 55. c6 Bf4 56. Kg1 Kg3 57. Bf5 Bc7 58. Bd7 Kh4 59. Be6 Bb6+ 60. Kh1 g3 61.
Bd5 Bc7 62. Be4 Kg5 63. Bd5 Kf4 64. Kg1 Bb6+ 65. Kh1 g2+ 66. Bxg2 hxg2+ 67. Kxg2
Ke4 68. Kg3 Kd5 69. Kf4 Kxc6 70. Ke4 Kc5 0-1

[Event "European Blitz 2015"]
[Site "Minsk BLR"]
[Date "2015.12.18"]
[Round "22.29"]
[White "Goganov, Aleksey"]
[Black "Pustovoitova, Daria"]
[Result "1/2-1/2"]
[WhiteTitle "GM"]
[BlackTitle "FM"]
[WhiteElo "2597"]
[BlackElo "2356"]
[WhiteFideId "24109959"]
[BlackFideId "4182146"]
[EventDate "2015.12.18"]
[EventType "swiss (blitz)"]

1. d4 d5 2. Nf3 Nf6 3. c4 c6 4. e3 Bf5 5. Nc3 e6 6. Nh4 Be4 7. f3 Bg6 8. Nxg6
hxg6 9. Qb3 Qb6 10. Bd2 Nbd7 11. O-O-O O-O-O 12. Bd3 dxc4 13. Bxc4 Qxb3 14. Bxb3
c5 15. d5 exd5 16. Nxd5 Nxd5 17. Bxd5 f6 18. Be6 Kc7 19. Bc3 g5 20. Rd2 Bd6 21.
h3 Ne5 22. Rhd1 b6 23. Kc2 Nc6 24. a3 Rhe8 25. Bd5 Rxe3 26. Be4 Bf4 27. Bxc6
Rxc3+ 28. bxc3 Rxd2+ 29. Rxd2 Bxd2 30. Be4 Bf4 31. c4 Kd6 32. Kd3 Ke5 33. Bc6
Bc1 34. a4 Kf4 35. Ke2 Kg3 36. Kf1 Bd2 37. Bb7 Bc3 38. Bc6 Bd4 39. Bd5 Bc3 1/2-1/2